[Event "Frome Open 2015"]
[Site "Frome ENG"]
[Date "2015.05.16"]
[Round "3.4"]
[White "Buckley, David E"]
[Black "Gower, Sam"]
[Result "1/2-1/2"]
[WhiteElo "2285"]
[BlackElo "1915"]
[PlyCount "89"]
[EventDate "2015.05.15"]

1. d4 Nf6 2. c4 e6 3. Nc3 Bb4 4. Qc2 Nc6 5. Nf3 d6 6. Bd2 e5 7. d5 Bxc3 8. Bxc3
Nb8 9. g3 O-O 10. Bg2 a5 11. O-O Nbd7 12. h3 Nc5 13. Bxa5 Rxa5 14. b4 Ra7 15.
bxc5 Nd7 16. c6 Nc5 17. cxb7 Bxb7 18. Nd2 Qa8 19. f4 exf4 20. gxf4 Re8 21. Nf3
g6 22. Nd4 Qd8 23. e4 Qe7 24. Nb5 Raa8 25. Rae1 c6 26. dxc6 Bxc6 27. e5 Bxg2
28. Qxg2 dxe5 29. Rxe5 Qf8 30. Nc7 Rxe5 31. fxe5 Ra3 32. Nb5 Rd3 33. Nd6 Qh6
34. Qa8+ Qf8 35. Qxf8+ Kxf8 36. Rxf7+ Kg8 37. Rc7 Ne6 38. Rc8+ Kg7 39. c5 Rxh3
40. c6 Rc3 41. a4 Rc5 42. c7 Kh6 43. Nb5 Kg5 44. Rh8 Nxc7 45. Rxh7 1/2-1/2

[Event "Frome Open 2015"]
[Site "Frome ENG"]
[Date "2015.05.16"]
[Round "3.5"]
[White "Pleasants, Allan J"]
[Black "Menadue, Jeremy FS"]
[Result "1-0"]
[WhiteElo "2095"]
[BlackElo "2039"]
[PlyCount "67"]
[EventDate "2015.05.15"]

1. e4 Nf6 2. Nc3 d5 3. e5 d4 4. exf6 dxc3 5. bxc3 gxf6 6. d4 c5 7. Nf3 Nc6 8.
d5 Ne5 9. Nxe5 fxe5 10. Be3 Qa5 11. Qd2 f5 12. Rb1 f4 13. Bb5+ Bd7 14. Bxd7+
Kxd7 15. O-O fxe3 16. Qxe3 Qc7 17. f4 exf4 18. Rxf4 Re8 19. Rf7 b6 20. Qf3 Kc8
21. d6 Qxd6 22. Rd1 Qxd1+ 23. Qxd1 Rd8 24. Qf3 Kc7 25. Qf4+ Kb7 26. Qe4+ Ka6
27. Rxh7 Rxh7 28. Qxh7 Kb5 29. Qe4 e6 30. h4 c4 31. a4+ Kxa4 32. Qxc4+ Ka5 33.
Qxe6 Bc5+ 34. Kh2 1-0

[Event "Frome Open 2015"]
[Site "Frome ENG"]
[Date "2015.05.16"]
[Round "3.6"]
[White "Waterfield, John W"]
[Black "Richmond, Jane"]
[Result "0-1"]
[WhiteElo "1867"]
[BlackElo "2086"]
[PlyCount "70"]
[EventDate "2015.05.15"]

1. e4 e5 2. Nf3 Nc6 3. Nc3 Nf6 4. d4 exd4 5. Nxd4 Bb4 6. Nxc6 bxc6 7. Bd3 d6 8.
Bd2 a5 9. Qe2 Ng4 10. O-O O-O 11. a3 Bc5 12. Na4 Bd4 13. c3 Ba7 14. b4 Re8 15.
Qf3 Qh4 16. Qg3 Qxg3 17. hxg3 Bd7 18. Nb2 axb4 19. axb4 Bxf2+ 20. Rxf2 Rxa1+
21. Rf1 Rea8 22. Nc4 Be6 23. Na5 Rxf1+ 24. Kxf1 c5 25. Ke2 f6 26. Nc6 Kf7 27.
bxc5 dxc5 28. Bb5 g5 29. c4 Ra2 30. Nd8+ Ke7 31. Nxe6 Kxe6 32. Bc6 Kd6 33. Bd5
c6 34. Bg8 h6 35. Kd3 Ra3+ 0-1

[Event "Frome Open 2015"]
[Site "Frome ENG"]
[Date "2015.05.16"]
[Round "3.7"]
[White "Headlong, Timothy"]
[Black "Bartlett, Simon"]
[Result "1/2-1/2"]
[WhiteElo "2161"]
[BlackElo "1948"]
[PlyCount "57"]
[EventDate "2015.05.15"]

1. Nf3 Nf6 2. c4 g6 3. Nc3 Bg7 4. e4 d6 5. d4 O-O 6. Be2 e5 7. d5 Nh5 8. g3 Nd7
9. Be3 f5 10. exf5 Ndf6 11. fxg6 hxg6 12. Ng5 Qe8 13. f3 Nh7 14. Nxh7 Kxh7 15.
Ne4 Nf6 16. Bd3 Nxe4 17. Bxe4 Bf5 18. O-O Qe7 19. Qd2 Rf7 20. Rac1 b6 21. Qc2
Raf8 22. Qe2 a5 23. b3 Bh6 24. Bxh6 Kxh6 25. Qe3+ Kg7 26. a3 Qd7 27. Rce1 Qe7
28. Rf2 Qf6 29. Ref1 1/2-1/2

[Event "Frome Open 2015"]
[Site "Frome ENG"]
[Date "2015.05.16"]
[Round "3.8"]
[White "McDougall, William M"]
[Black "Footner, Andrew F"]
[Result "0-1"]
[WhiteElo "2023"]
[BlackElo "1941"]
[PlyCount "66"]
[EventDate "2015.05.15"]

1. d4 d5 2. c4 e5 3. dxe5 d4 4. Nf3 Nc6 5. a3 Be6 6. e3 dxe3 7. Qxd8+ Rxd8 8.
Bxe3 Nge7 9. Nc3 Ng6 10. Nb5 Rd7 11. Nbd4 Ngxe5 12. Nxe5 Nxe5 13. Nxe6 fxe6 14.
Be2 Nd3+ 15. Bxd3 Rxd3 16. Ke2 Rb3 17. Bd4 Kf7 18. Kd2 c5 19. Be5 Rb6 20. Kc3
Bd6 21. Rhe1 Rd8 22. Re3 Rc6 23. f4 Rc7 24. Rae1 Rcd7 25. f5 exf5 26. Bxd6 Rxd6
27. Re7+ Kf6 28. Rxb7 Rd3+ 29. Kc2 Rd2+ 30. Kb1 Rxg2 31. Ree7 Rd1+ 32. Ka2 Rdd2
33. h4 Rxb2+ 0-1

[Event "Frome Open 2015"]
[Site "Frome ENG"]
[Date "2015.05.16"]
[Round "3.9"]
[White "Goldie, Thomas"]
[Black "Cusick, Peter W"]
[Result "1-0"]
[WhiteElo "2090"]
[BlackElo "1974"]
[PlyCount "95"]
[EventDate "2015.05.15"]

1. e4 c6 2. d4 d5 3. Nc3 dxe4 4. Nxe4 Nf6 5. Nxf6+ gxf6 6. Nf3 Bf5 7. Bf4 e6 8.
Bd3 Bxd3 9. Qxd3 Nd7 10. O-O h5 11. Rfe1 Nb6 12. c4 Qd7 13. Rac1 O-O-O 14. Qe3
h4 15. h3 Rg8 16. Kh1 Be7 17. a3 Rg7 18. b4 Rdg8 19. Rg1 Na8 20. b5 Nc7 21.
bxc6 Qxc6 22. d5 Qc5 23. Qe2 e5 24. Be3 Qa5 25. Nxh4 Bc5 26. Nf5 Rg5 27. Bxg5
Rxg5 28. Ne3 Ne8 29. h4 Rg8 30. Nf5 Qc7 31. Rc3 Qd7 32. Rf3 Nd6 33. Nxd6+ Qxd6
34. Qe4 Bxa3 35. Qf5+ Kc7 36. Qxf6 Qxf6 37. Rxf6 Rg4 38. g3 Rxc4 39. h5 Kd7 40.
Rxf7+ Kd6 41. h6 Kxd5 42. h7 Rc8 43. Rxb7 Bc5 44. Kg2 e4 45. Rh1 Rh8 46. Rh5+
Kd6 47. Rb1 a5 48. Rd1+ 1-0

[Event "Frome Open 2015"]
[Site "Frome ENG"]
[Date "2015.05.16"]
[Round "3.10"]
[White "Appleby, Stephen"]
[Black "Payne, Matthew J"]
[Result "0-1"]
[WhiteElo "1937"]
[BlackElo "2017"]
[PlyCount "54"]
[EventDate "2015.05.15"]

1. d4 Nf6 2. Nf3 g6 3. g3 Bg7 4. Bg2 O-O 5. O-O d6 6. c4 Nbd7 7. Qc2 e5 8. Rd1
exd4 9. Nxd4 Nc5 10. Be3 Ng4 11. Bf4 g5 12. Bc1 Nxf2 13. Kxf2 Bxd4+ 14. Rxd4
Qf6+ 15. Rf4 gxf4 16. Bxf4 Bf5 17. Qc3 Qg6 18. Nd2 Rfe8 19. Rd1 Qh5 20. Re1
Ne4+ 21. Nxe4 Bxe4 22. Bxe4 Rxe4 23. h4 Qc5+ 24. Kg2 Qxc4 25. Kh2 Rxe2+ 26.
Rxe2 Qxe2+ 27. Kh3 h5 0-1

[Event "Frome Open 2015"]
[Site "Frome ENG"]
[Date "2015.05.16"]
[Round "3.11"]
[White "Slade, Theodore"]
[Black "McLaren, Charlie"]
[Result "1-0"]
[WhiteElo "2008"]
[BlackElo "1671"]
[PlyCount "99"]
[EventDate "2015.05.15"]

1. e4 c5 2. Nf3 Nc6 3. Bb5 g6 4. Bxc6 bxc6 5. O-O Bg7 6. Re1 d5 7. e5 Qc7 8. h3
e6 9. c4 Ne7 10. Nc3 O-O 11. b3 Ba6 12. d3 Rfd8 13. Qc2 Rab8 14. Ba3 Qa5 15.
Na4 Qc7 16. Nxc5 Bc8 17. Na4 Nf5 18. g4 Ne7 19. Bd6 Rxd6 20. exd6 Qxd6 21. d4
dxc4 22. bxc4 Bxd4 23. Nxd4 Qxd4 24. Rad1 Qf6 25. Rd8+ Kg7 26. Qc3 Qxc3 27.
Nxc3 Rb2 28. Re8 Rc2 29. Ne4 Ba6 30. Rxe7 Bxc4 31. g5 Bxa2 32. Nf6 h6 33. h4
hxg5 34. hxg5 Rc5 35. f4 Rf5 36. Rxa7 Bc4 37. Ra8 Rxf6 38. gxf6+ Kxf6 39. Re5
Bd5 40. Rc8 Ke7 41. Rc7+ Kf6 42. Kf2 Kg7 43. Kg3 Kf6 44. Kg4 Bg2 45. Rc5 Bd5
46. R7xc6 Bxc6 47. Rxc6 Ke7 48. Kg5 Kd7 49. Ra6 Ke7 50. Ra7+ 1-0

[Event "Frome Open 2015"]
[Site "Frome ENG"]
[Date "2015.05.16"]
[Round "3.12"]
[White "Holton, Jake"]
[Black "de Coverly, Roger D"]
[Result "0-1"]
[WhiteElo "1571"]
[BlackElo "1996"]
[PlyCount "98"]
[EventDate "2015.05.15"]

1. d4 Nf6 2. c4 g6 3. Nc3 Bg7 4. e4 d6 5. Nf3 O-O 6. Be2 e5 7. O-O exd4 8. Nxd4
Re8 9. f3 Nc6 10. Be3 Nh5 11. g4 Nf4 12. Nxc6 Nxe2+ 13. Nxe2 bxc6 14. Bd4 c5
15. Bxg7 Kxg7 16. Qc2 Bb7 17. Rad1 Qg5 18. Qd2 Qxd2 19. Rxd2 Re7 20. Ng3 Rae8
21. h4 Bc8 22. g5 f5 23. gxf6+ Kxf6 24. Ne2 Kg7 25. Kf2 Rf7 26. Ke3 Bb7 27. Nc3
Re5 28. Rg1 Rh5 29. Rh2 Re7 30. Rg5 Re5 31. Rxh5 Rxh5 32. f4 a6 33. Ne2 Kf7 34.
Ng3 Rh6 35. f5 gxf5 36. exf5 d5 37. cxd5 Bxd5 38. a3 Rb6 39. Kf4 Rb3 40. Nh5 h6
41. Rf2 c4 42. f6 c3 43. bxc3 Rxc3 44. Re2 Be6 45. Rg2 Rc4+ 46. Ke5 Rc5+ 47.
Kd4 Rxh5 48. Rg7+ Kxf6 49. Rxc7 Rxh4+ 0-1

[Event "Frome Open 2015"]
[Site "Frome ENG"]
[Date "2015.05.16"]
[Round "3.13"]
[White "Bourne, Johnathan D"]
[Black "Fallowfield, Nicholas"]
[Result "1/2-1/2"]
[WhiteElo "1980"]
[BlackElo "1942"]
[PlyCount "29"]
[EventDate "2015.05.15"]

1. e4 Nf6 2. e5 Nd5 3. c4 Nb6 4. d4 d6 5. exd6 exd6 6. Nc3 Nc6 7. Be3 Be7 8.
Qf3 O-O 9. O-O-O Bg5 10. c5 Bxe3+ 11. Qxe3 Nd7 12. Bd3 Nf6 13. Nge2 Nb4 14. Bb1
Nbd5 15. Nxd5 1/2-1/2

[Event "Frome Open 2015"]
[Site "Frome ENG"]
[Date "2015.05.16"]
[Round "3.14"]
[White "Littleton, Mark"]
[Black "Hollands, George E"]
[Result "1/2-1/2"]
[WhiteElo "1870"]
[BlackElo "1937"]
[PlyCount "47"]
[EventDate "2015.05.15"]

1. d4 d5 2. Nf3 Nf6 3. c4 c6 4. cxd5 cxd5 5. Nc3 Nc6 6. Bf4 a6 7. Rc1 e6 8. e3
Bd6 9. Bd3 O-O 10. O-O Re8 11. Ne5 Bxe5 12. Bxe5 Nxe5 13. dxe5 Nd7 14. f4 b5
15. Ne2 Bb7 16. Nd4 Qb6 17. Rf2 Rac8 18. Rfc2 Nc5 19. Be2 Nd7 20. Bd3 Nc5 21.
b4 Nxd3 22. Qxd3 Rc4 23. Qd2 Rec8 24. g3 1/2-1/2

[Event "Frome Open 2015"]
[Site "Frome ENG"]
[Date "2015.05.17"]
[Round "4.2"]
[White "Sarakauskas, Gediminas"]
[Black "Pleasants, Allan J"]
[Result "1-0"]
[WhiteElo "2397"]
[BlackElo "2095"]
[PlyCount "59"]
[EventDate "2015.05.15"]

1. Nf3 Nf6 2. g3 g6 3. Bg2 Bg7 4. O-O d5 5. d4 O-O 6. c4 c6 7. cxd5 cxd5 8. Nc3
Nc6 9. Ne5 e6 10. Nxc6 bxc6 11. Na4 Nd7 12. Bf4 Ba6 13. Bd6 Re8 14. Nc5 Nxc5
15. Bxc5 e5 16. dxe5 Bxe5 17. Qc2 Qf6 18. Rab1 Rab8 19. b3 Bc3 20. Bf3 Bc8 21.
Rbc1 d4 22. Qd3 Bf5 23. Qc4 Re6 24. g4 Qh4 25. gxf5 gxf5 26. Rxc3 Rh6 27. Bh5
Qxh5 28. Rg3+ Kh8 29. Bxd4+ f6 30. Rg2 1-0

[Event "Frome Open 2015"]
[Site "Frome ENG"]
[Date "2015.05.17"]
[Round "4.3"]
[White "Richmond, Jane"]
[Black "Buckley, David E"]
[Result "1-0"]
[WhiteElo "2086"]
[BlackElo "2285"]
[PlyCount "67"]
[EventDate "2015.05.15"]

1. d4 g6 2. e4 Bg7 3. Nc3 d6 4. Be3 a6 5. Qd2 Nd7 6. h4 h6 7. Nge2 b5 8. f3 Nb6
9. Ng3 h5 10. Bd3 Bb7 11. Qf2 Nf6 12. Nge2 Rb8 13. Rd1 b4 14. Nb1 Na4 15. Bc1
Qc8 16. Nd2 Nd7 17. Nc4 c5 18. Bf4 cxd4 19. Bxd6 Nxb2 20. Nxb2 exd6 21. O-O O-O
22. Nc4 Qc5 23. Nd2 d5 24. Nb3 Qc7 25. exd5 Nf6 26. d6 Qxd6 27. Nexd4 Nd5 28.
Bc4 Nc3 29. Rd3 Qc7 30. Nd2 Rbd8 31. a3 bxa3 32. N4b3 Rde8 33. Re3 Bd4 34. Nxd4
1-0

[Event "Frome Open 2015"]
[Site "Frome ENG"]
[Date "2015.05.17"]
[Round "4.4"]
[White "Cordner, David A"]
[Black "Footner, Andrew F"]
[Result "1/2-1/2"]
[WhiteElo "1967"]
[BlackElo "1941"]
[PlyCount "32"]
[EventDate "2015.05.15"]

1. e4 d5 2. exd5 Nf6 3. d4 Bg4 4. Be2 Bxe2 5. Nxe2 Qxd5 6. O-O Nc6 7. Nbc3 Qh5
8. Ng3 Qxd1 9. Rxd1 O-O-O 10. Be3 e6 11. Nce4 Be7 12. Nxf6 Bxf6 13. c3 Rd7 14.
Ne4 Be7 15. Ng5 Bf6 16. Ne4 Be7 1/2-1/2

[Event "Frome Open 2015"]
[Site "Frome ENG"]
[Date "2015.05.17"]
[Round "4.5"]
[White "Gower, Sam"]
[Black "Headlong, Timothy"]
[Result "1/2-1/2"]
[WhiteElo "1915"]
[BlackElo "2161"]
[PlyCount "98"]
[EventDate "2015.05.15"]

1. e4 c5 2. Nf3 Nc6 3. c4 g6 4. d4 cxd4 5. Nxd4 Bg7 6. Be3 Nf6 7. Nc3 d6 8. Be2
O-O 9. O-O Bd7 10. Nc2 a6 11. f3 Rc8 12. Qd2 Re8 13. Rab1 Ne5 14. b3 Qc7 15. h3
Bc6 16. Nd5 Bxd5 17. exd5 Ned7 18. Nd4 Ra8 19. Rfc1 Rec8 20. Bf1 a5 21. a3 Qd8
22. Qf2 Qf8 23. Nb5 Bh6 24. Re1 Bg7 25. Bd4 Qd8 26. Qe2 Bf8 27. Qe3 Ra6 28. Bd3
Rb6 29. Bxb6 Qxb6 30. Qxb6 Nxb6 31. Rbc1 Bh6 32. Rc2 Kf8 33. Rce2 Ng8 34. Rc2
Nf6 35. g3 Bg7 36. b4 axb4 37. axb4 Ra8 38. Rb1 Nfd7 39. f4 Bf6 40. Kg2 Ra4 41.
Be4 Nb8 42. Bf3 Na6 43. c5 Nxb4 44. Nc3 Bxc3 45. Rxc3 N6xd5 46. Bxd5 Nxd5 47.
Rcc1 Ra2+ 48. Kf3 Ra3+ 49. Kg2 Ra2+ 1/2-1/2

[Event "Frome Open 2015"]
[Site "Frome ENG"]
[Date "2015.05.17"]
[Round "4.6"]
[White "Payne, Matthew J"]
[Black "Adaway, William"]
[Result "1-0"]
[WhiteElo "2017"]
[BlackElo "2102"]
[PlyCount "71"]
[EventDate "2015.05.15"]

1. e4 c5 2. Nc3 e6 3. f4 d5 4. Nf3 Nf6 5. e5 d4 6. exf6 dxc3 7. fxg7 cxd2+ 8.
Bxd2 Bxg7 9. Bd3 Nc6 10. O-O Qe7 11. Ne5 Bd7 12. Qh5 O-O-O 13. Qxf7 Bxe5 14.
fxe5 Qxf7 15. Rxf7 Nxe5 16. Rxh7 Bc6 17. Rxh8 Rxh8 18. Bc3 Rh5 19. Bxe5 Rxe5
20. Kf2 Rg5 21. g3 Kd7 22. Re1 Kd6 23. Be4 Bxe4 24. Rxe4 Rf5+ 25. Ke2 b5 26. g4
Rf7 27. g5 Kd5 28. Rg4 Ke5 29. h4 Kf5 30. Rg2 Kg6 31. Rf2 Rh7 32. Rf6+ Kg7 33.
Rf4 Kg6 34. Kf3 e5 35. Rf6+ Kh5 36. Rh6+ 1-0

[Event "Frome Open 2015"]
[Site "Frome ENG"]
[Date "2015.05.17"]
[Round "4.7"]
[White "Goldie, Thomas"]
[Black "Slade, Theodore"]
[Result "1/2-1/2"]
[WhiteElo "2090"]
[BlackElo "2008"]
[PlyCount "78"]
[EventDate "2015.05.15"]

1. e4 c5 2. Nf3 g6 3. d4 cxd4 4. Nxd4 Nc6 5. Nc3 Bg7 6. Be3 Nf6 7. Bc4 O-O 8.
Bb3 a5 9. a4 Ng4 10. Qxg4 Nxd4 11. Qd1 Nxb3 12. cxb3 d6 13. Bd4 Be6 14. Bxg7
Kxg7 15. Qd4+ Kg8 16. Nd5 Rc8 17. O-O Rc5 18. Rac1 Bxd5 19. exd5 Qc7 20. Rc3
Rxc3 21. bxc3 Qc5 22. Qd3 e5 23. dxe6 fxe6 24. Qe4 Qd5 25. Qxd5 exd5 26. Rd1
Rc8 27. Rd3 Kf7 28. Kf1 Ke6 29. Ke2 Rc5 30. Re3+ Kd7 31. Kd3 b5 32. Rh3 bxa4
33. Rxh7+ Ke6 34. bxa4 Rc4 35. Rg7 Kf6 36. Rd7 Ke6 37. Rg7 Kf6 38. Rd7 Ke6 39.
Rg7 Kf6 1/2-1/2

[Event "Frome Open 2015"]
[Site "Frome ENG"]
[Date "2015.05.17"]
[Round "4.8"]
[White "de Coverly, Roger D"]
[Black "Whatley, Stephen AJ (jnr)"]
[Result "0-1"]
[WhiteElo "1996"]
[BlackElo "2054"]
[PlyCount "74"]
[EventDate "2015.05.15"]

1. Nf3 c5 2. g3 Nf6 3. Bg2 Nc6 4. O-O e6 5. c4 a6 6. Nc3 Be7 7. d4 cxd4 8. Nxd4
O-O 9. e4 Qc7 10. b3 Rb8 11. Bb2 Rd8 12. Rc1 Qa5 13. a3 Nxd4 14. Qxd4 Qh5 15.
Qa7 Bd6 16. Qb6 Be7 17. Na4 d6 18. h3 Bd7 19. Rfe1 e5 20. g4 Qg6 21. Nc3 h5 22.
f3 hxg4 23. hxg4 Be6 24. Nd5 Bxd5 25. cxd5 Nd7 26. Qf2 Qh6 27. Qe2 Rdc8 28. Rc4
Bg5 29. Qc2 Be3+ 30. Kf1 Nb6 31. Rxc8+ Rxc8 32. Qd3 Bf4 33. Rd1 Nd7 34. b4 Be3
35. Bc3 Nb6 36. Be1 Nc4 37. Bg3 Nb2 0-1

[Event "Frome Open 2015"]
[Site "Frome ENG"]
[Date "2015.05.17"]
[Round "4.9"]
[White "Fallowfield, Jeremy R"]
[Black "Bartlett, Simon"]
[Result "1-0"]
[WhiteElo "2053"]
[BlackElo "1948"]
[PlyCount "51"]
[EventDate "2015.05.15"]

1. d4 Nf6 2. c4 g6 3. Nc3 d5 4. cxd5 Nxd5 5. e4 Nxc3 6. bxc3 Bg7 7. Nf3 c5 8.
Rb1 O-O 9. Be2 Nc6 10. d5 Ne5 11. Nxe5 Bxe5 12. Qd2 Qa5 13. Rb3 a6 14. f4 Bg7
15. c4 Qc7 16. O-O Bd7 17. Bb2 Bxb2 18. Qxb2 b5 19. f5 b4 20. e5 f6 21. d6 exd6
22. exf6 Bc6 23. fxg6 hxg6 24. Rg3 Be4 25. Bf3 Bxf3 26. Rxg6+ 1-0

[Event "Frome Open 2015"]
[Site "Frome ENG"]
[Date "2015.05.17"]
[Round "4.10"]
[White "Menadue, Jeremy FS"]
[Black "Waterfield, John W"]
[Result "1-0"]
[WhiteElo "2039"]
[BlackElo "1867"]
[PlyCount "83"]
[EventDate "2015.05.15"]

1. d4 Nf6 2. c4 c5 3. d5 b5 4. cxb5 a6 5. b6 d6 6. Nc3 g6 7. a4 Qxb6 8. a5 Qd8
9. e4 Bg7 10. f4 O-O 11. Nf3 Nbd7 12. Bc4 Ne8 13. Qe2 Nc7 14. Bd2 Rb8 15. Ra2
e6 16. dxe6 fxe6 17. O-O Kh8 18. Ng5 Nf6 19. e5 Nfe8 20. Bd3 dxe5 21. fxe5 Qd4+
22. Be3 Rxf1+ 23. Kxf1 Qh4 24. Nf3 Qb4 25. Qf2 Bd7 26. Bxc5 Qb3 27. Nd4 Qb7 28.
Be4 Nd5 29. Bxd5 exd5 30. e6 Qc8 31. exd7 Qxc5 32. Ne6 Qe7 33. d8=Q Rxd8 34.
Nxd8 Qxd8 35. Ra1 d4 36. Ne4 Qd5 37. Re1 Qb5+ 38. Kg1 Bh6 39. Qf7 Qe5 40. Qf3
Nd6 41. Re2 Nc4 42. Ng5 1-0

[Event "Frome Open 2015"]
[Site "Frome ENG"]
[Date "2015.05.17"]
[Round "4.11"]
[White "Girdlestone, Paul C"]
[Black "Littleton, Mark"]
[Result "1/2-1/2"]
[WhiteElo "2142"]
[BlackElo "1870"]
[PlyCount "106"]
[EventDate "2015.05.15"]

1. d4 Nf6 2. c4 e6 3. g3 d5 4. Bg2 Be7 5. Nc3 O-O 6. Nf3 Nbd7 7. cxd5 exd5 8.
O-O c6 9. Qc2 Re8 10. a3 a5 11. Rb1 Bd6 12. Nd2 Nb6 13. b4 axb4 14. axb4 g6 15.
e4 dxe4 16. Ndxe4 Nxe4 17. Nxe4 Be7 18. b5 cxb5 19. Rxb5 Bd7 20. Re5 Rc8 21.
Qa2 Be6 22. Rxe6 fxe6 23. Qxe6+ Kh8 24. d5 Rxc1 25. Rxc1 Ba3 26. Qf7 Rf8 27.
Qc7 Bxc1 28. Qxc1 Nxd5 29. Qb2+ Kg8 30. Qxb7 Nf6 31. Qb3+ Kg7 32. Ng5 Qe7 33.
Ne6+ Kh8 34. Nxf8 Qxf8 35. h3 Qe7 36. Qb8+ Kg7 37. Qb7 Qxb7 38. Bxb7 Nd7 39.
Kg2 Kf6 40. f4 g5 41. Kf3 gxf4 42. Kxf4 Nf8 43. Be4 Ne6+ 44. Kg4 Ng5 45. Bd5 h6
46. h4 Nh7 47. Be4 Nf8 48. Bf5 Ke5 49. Bb1 Kf6 50. Kh5 Kg7 51. Bf5 Nh7 52. Kg4
Nf6+ 53. Kf4 Nh5+ 1/2-1/2

[Event "Frome Open 2015"]
[Site "Frome ENG"]
[Date "2015.05.17"]
[Round "4.12"]
[White "Fallowfield, Nicholas"]
[Black "McDougall, William M"]
[Result "0-1"]
[WhiteElo "1942"]
[BlackElo "2023"]
[PlyCount "104"]
[EventDate "2015.05.15"]

1. Nf3 c5 2. c4 Nc6 3. d4 cxd4 4. Nxd4 g6 5. e4 Bg7 6. Be3 d6 7. Nc3 Nf6 8. Be2
a6 9. O-O O-O 10. f3 Rb8 11. Qd2 Bd7 12. Nb3 Be6 13. Nd5 Bxd5 14. cxd5 Ne5 15.
Rac1 Re8 16. Rfd1 h5 17. Qa5 Nfd7 18. Qxd8 Rexd8 19. Rc7 b6 20. Nd4 Kf8 21. h3
b5 22. b3 Nc5 23. Bg5 Rd7 24. Rxd7 Nexd7 25. Nc6 Re8 26. Kf2 Ne5 27. Nxe5 Bxe5
28. Bh6+ Kg8 29. Be3 b4 30. Bd4 Bxd4+ 31. Rxd4 a5 32. Ke3 Kg7 33. Rd2 h4 34.
Rc2 g5 35. Kf2 Kf6 36. g3 hxg3+ 37. Kxg3 Rh8 38. Rc4 Ke5 39. Kg4 f6 40. Kg3 Rh4
41. Bf1 f5 42. exf5 Rxc4 43. Bxc4 Kxf5 44. h4 gxh4+ 45. Kxh4 Nd7 46. Kg3 Nf6
47. Bd3+ Ke5 48. f4+ Kxd5 49. Kf3 Kd4 50. Bb5 Nd5 51. Kg4 Nc3 52. Bc6 Kc5 0-1

[Event "Frome Open 2015"]
[Site "Frome ENG"]
[Date "2015.05.17"]
[Round "4.13"]
[White "Cusick, Peter W"]
[Black "Bourne, Johnathan D"]
[Result "1/2-1/2"]
[WhiteElo "1974"]
[BlackElo "1980"]
[PlyCount "36"]
[EventDate "2015.05.15"]

1. e4 e6 2. d4 d5 3. e5 c5 4. c3 Nc6 5. Nf3 Bd7 6. Bd3 Qb6 7. O-O cxd4 8. cxd4
Nxd4 9. Nbd2 Nxf3+ 10. Nxf3 Bb5 11. Be3 Bc5 12. Bxc5 Qxc5 13. Rc1 Qb6 14. Bxb5+
Qxb5 15. Rc7 Nh6 16. Nd4 Qa6 17. Qb3 O-O 18. Rfc1 Rab8 1/2-1/2

[Event "Frome Open 2015"]
[Site "Frome ENG"]
[Date "2015.05.17"]
[Round "4.14"]
[White "McLaren, Charlie"]
[Black "Appleby, Stephen"]
[Result "0-1"]
[WhiteElo "1671"]
[BlackElo "1937"]
[PlyCount "70"]
[EventDate "2015.05.15"]

1. d4 Nf6 2. Nf3 g6 3. g3 Bg7 4. Bg2 d5 5. c4 O-O 6. O-O Nc6 7. cxd5 Nxd5 8.
Nc3 Nb6 9. e3 Re8 10. Nd2 e5 11. d5 Ne7 12. e4 c6 13. dxc6 Nxc6 14. Nb3 Nd4 15.
Be3 Nc4 16. Bxd4 exd4 17. Nd5 Nxb2 18. Qc1 d3 19. Rb1 Na4 20. Qd2 Be6 21. Qxd3
Bxd5 22. exd5 Nc3 23. Rbe1 Qd6 24. Nd4 Bxd4 25. Qxd4 Ne2+ 26. Rxe2 Rxe2 27. Rb1
Qe5 28. Qxe5 Rxe5 29. Rxb7 Re1+ 30. Bf1 Rd1 31. Rb5 Rd8 32. a4 R8xd5 33. Rb7
Ra5 34. Kg2 Rxa4 35. Bb5 Rb4 0-1

[Event "Frome Open 2015"]
[Site "Frome ENG"]
[Date "2015.05.17"]
[Round "4.15"]
[White "Hollands, George E"]
[Black "Holton, Jake"]
[Result "1/2-1/2"]
[WhiteElo "1937"]
[BlackElo "1571"]
[PlyCount "59"]
[EventDate "2015.05.15"]

1. d4 d5 2. c4 c6 3. Nf3 Nf6 4. Qc2 dxc4 5. Qxc4 Bf5 6. g3 e6 7. Bg2 Nbd7 8.
O-O Be7 9. e3 O-O 10. Nc3 Qc7 11. Rd1 e5 12. Qe2 Bg4 13. Qc2 Rad8 14. h3 Bh5
15. Rd2 Bg6 16. Qb3 exd4 17. Nxd4 Nc5 18. Qd1 Nfe4 19. Re2 Nxc3 20. bxc3 Ne4
21. Qe1 h5 22. Bxe4 Bxe4 23. f3 Bg6 24. e4 Bc5 25. Bb2 Rfe8 26. Rd1 Rd7 27. Kg2
Rde7 28. Rdd2 Bb6 29. Nb3 f5 30. exf5 1/2-1/2

[Event "Frome Open 2015"]
[Site "Frome ENG"]
[Date "2015.05.17"]
[Round "5.2"]
[White "Rudd, Jack"]
[Black "Sarakauskas, Gediminas"]
[Result "0-1"]
[WhiteElo "2250"]
[BlackElo "2397"]
[PlyCount "78"]
[EventDate "2015.05.15"]

1. d4 d5 2. c4 e6 3. Nc3 Nf6 4. cxd5 exd5 5. Bg5 Be7 6. e3 O-O 7. Qc2 Nbd7 8.
Nf3 Re8 9. Bd3 Nf8 10. Ne5 c6 11. O-O-O Ng4 12. Bf4 Bd6 13. Nf3 Bxf4 14. exf4
Qf6 15. g3 Nh6 16. Ne5 Bf5 17. Rhe1 Bxd3 18. Rxd3 Nf5 19. Rdd1 Nd6 20. Na4 Qf5
21. Nc5 Qxc2+ 22. Kxc2 f6 23. Ned3 Kf7 24. g4 Ne6 25. Nxe6 Rxe6 26. Nc5 Rxe1
27. Rxe1 b6 28. Na6 h5 29. h3 hxg4 30. hxg4 Rh8 31. Nb4 a5 32. Nd3 Nb5 33. b4
Nxd4+ 34. Kc3 Nb5+ 35. Kd2 axb4 36. Nxb4 c5 37. Nc6 Rc8 38. Re7+ Kf8 39. Re6
Re8 0-1

[Event "Frome Open 2015"]
[Site "Frome ENG"]
[Date "2015.05.17"]
[Round "5.3"]
[White "Pleasants, Allan J"]
[Black "Payne, Matthew J"]
[Result "1-0"]
[WhiteElo "2095"]
[BlackElo "2017"]
[PlyCount "71"]
[EventDate "2015.05.15"]

1. e4 e6 2. d4 d5 3. Nd2 Nc6 4. Ngf3 Nf6 5. e5 Nd7 6. Bb5 a6 7. Bxc6 bxc6 8.
Nb3 c5 9. Na5 c6 10. Bd2 Qb6 11. dxc5 Nxc5 12. Nb3 Ne4 13. O-O c5 14. c4 d4 15.
Re1 Bb7 16. Qc2 Nxd2 17. Nbxd2 Be7 18. Ne4 f5 19. Nd6+ Bxd6 20. exd6 Qxd6 21.
Qxf5 O-O-O 22. Rxe6 Rhf8 23. Qh3 Rxf3 24. Rxd6+ Rxh3 25. Rxd8+ Kxd8 26. gxh3
Bf3 27. Kf1 d3 28. Ke1 Ke7 29. Kd2 Be2 30. Re1 Kf6 31. Rxe2 dxe2 32. Kxe2 Ke5
33. Ke3 g5 34. f3 a5 35. b3 h6 36. h4 1-0

[Event "Frome Open 2015"]
[Site "Frome ENG"]
[Date "2015.05.17"]
[Round "5.4"]
[White "Whatley, Stephen AJ (jnr)"]
[Black "Cordner, David A"]
[Result "1-0"]
[WhiteElo "2054"]
[BlackElo "1967"]
[PlyCount "51"]
[EventDate "2015.05.15"]

1. d4 Nf6 2. Nf3 e6 3. Bg5 Be7 4. Nbd2 b6 5. e3 Bb7 6. Bd3 c5 7. c3 Nc6 8. O-O
Rc8 9. Qe2 O-O 10. Rac1 d6 11. Rfd1 Nd7 12. Bf4 e5 13. dxe5 dxe5 14. Bg3 Bf6
15. Nc4 Qe7 16. Nd6 Rb8 17. Nf5 Qd8 18. Bb5 Qc7 19. Nd2 g6 20. Ne4 Bg7 21. Ne7+
Kh8 22. Rd6 f5 23. Rcd1 Nf6 24. Nxc6 fxe4 25. Nxb8 Qxb8 26. Bxe5 1-0

[Event "Frome Open 2015"]
[Site "Frome ENG"]
[Date "2015.05.17"]
[Round "5.7"]
[White "Buckley, David E"]
[Black "Goldie, Thomas"]
[Result "1/2-1/2"]
[WhiteElo "2285"]
[BlackElo "2090"]
[PlyCount "39"]
[EventDate "2015.05.15"]

1. d4 Nf6 2. c4 g6 3. f3 Bg7 4. e4 d6 5. Nc3 O-O 6. Nge2 a6 7. Be3 c6 8. c5
Nbd7 9. Qd2 b6 10. cxb6 Qxb6 11. Nc1 Qc7 12. Nd3 a5 13. Be2 Ba6 14. O-O Rab8
15. Rac1 Qb7 16. Rc2 Rfc8 17. Rfc1 c5 18. dxc5 Bxd3 19. Bxd3 Nxc5 20. Bf1
1/2-1/2

[Event "Frome Open 2015"]
[Site "Frome ENG"]
[Date "2015.05.17"]
[Round "5.10"]
[White "Adaway, William"]
[Black "Appleby, Stephen"]
[Result "1/2-1/2"]
[WhiteElo "2102"]
[BlackElo "1937"]
[PlyCount "22"]
[EventDate "2015.05.15"]

1. e4 c5 2. Nf3 Nc6 3. Bb5 g6 4. Bxc6 bxc6 5. O-O Bg7 6. e5 Nh6 7. d3 O-O 8.
Bf4 Nf5 9. c3 f6 10. d4 Qb6 11. Qb3+ Qxb3 1/2-1/2